Global irrigated area mapping : Overview and recommendations
This publication will give an overview of the available global datasets on irrigated areas and an evaluation of their strenghts and weaknesses.
Gardado en:
| Autor Principal: | |
|---|---|
| Formato: | Libro |
| Idioma: | Undetermined |
| Publicado: |
Colombo, Sri Lanka
International Water Management Institute
2002
|
| Những chủ đề: | |
| Các nhãn: |
Engadir etiqueta
Sen Etiquetas, Sexa o primeiro en etiquetar este rexistro!
|
| Thư viện lưu trữ: | Trung tâm Học liệu Trường Đại học Cần Thơ |
|---|
| LEADER | 00783nam a2200217Ia 4500 | ||
|---|---|---|---|
| 001 | CTU_142999 | ||
| 008 | 210402s9999 xx 000 0 und d | ||
| 082 | |a 910.285 | ||
| 082 | |b D786 | ||
| 100 | |a Droogers, Peter | ||
| 245 | 0 | |a Global irrigated area mapping : | |
| 245 | 0 | |b Overview and recommendations | |
| 245 | 0 | |c Peter Droogers | |
| 260 | |a Colombo, Sri Lanka | ||
| 260 | |b International Water Management Institute | ||
| 260 | |c 2002 | ||
| 520 | |a This publication will give an overview of the available global datasets on irrigated areas and an evaluation of their strenghts and weaknesses. | ||
| 650 | |a Irrigation,Water consumption,Geographic information systems | ||
| 650 | |x Maps,Maps | ||
| 904 | |i Giang | ||
| 980 | |a Trung tâm Học liệu Trường Đại học Cần Thơ | ||